000 00992nam a2200289 a 4500
001 43952
003 BD-RjUL
005 20211209053757.0
008 160629s1951 enk b 001 0 eng d
035 _a30-00969
040 _aYNG
_cYNG
_dm.c
_beng
041 _aeng
082 _223
_a330.122
_bMAC 1951
100 1 _aMarx, Karl.
_d1818-1883.
_9135023
245 1 0 _aCapital /
_cby Karl Marx ; translated from the 4th German edition by Eden and Cedar Paul ; introduction by G.D.H. Cole.
260 _aLondon :
_bDent,
_cc1930, [reprint 1951, 1962]]
300 _a2 v. (paged continuously) ;
_c19 cm.
490 1 _aEveryman's library ;
_v849
500 _aTranslation of: Das Kapital: Kritik der politischen Ökonomie
504 _aIncludes bibliographies and index.
650 0 _aCapital.
_9135024
650 0 _aEconomics.
_9135025
700 1 _aPaul, Eden,
_d1865-1944.
_9125693
700 1 _aPaul, Cedar.
_9125682
830 0 _aEveryman's library ;
_v848-849
_9116745
942 _2ddc
_cBK
999 _c43952
_d43952